000 00462nam a2200157 i 4500
001 74355
003 ES-MaACL
005 20230906172114.0
007 t|
008 040917s1971 sp ||||1| spa d
100 1 _aGonzález Núñez, Angel.
_958843
245 1 0 _aQué es la Biblia y cómo leerla /
_cAngel González Núñez.
260 _a[Madrid :
_bPropaganda Popular Católica,
_c1971]
300 _a141 p. ;
_c22 cm.
852 _aES-MaACL
_jC-45077
_bR.79841
999 _c74355
_d74355